Normal view
MARC view
Entry Personal Name
001 - CONTROL NUMBER
- control field: 547608
003 - CONTROL NUMBER IDENTIFIER
- control field: OSt
005 - DATE AND TIME OF LATEST TRANSACTION
- control field: 20220930092050.0
008 - FIXED-LENGTH DATA ELEMENTS
- fixed length control field: 220930|| aca||aabn | a|a d
040 ## - CATALOGING SOURCE
- Original cataloging agency: OSt
- Transcribing agency: OSt
100 ## - HEADING--PERSONAL NAME
- Personal name: Bhardwaj Neeta Gu
670 ## - SOURCE DATA FOUND
- Source citation: Work cat.: (OSt)883136: Anandh K. Au. 547607, Correlation between serum uric acid levels and left ventricular ejection fraction in patients with heart failure, 2013
